US states that have voted republican since 2000 - Statistics

General Stats
  • This quiz has been taken 40 times
  • The average score is 17 of 19
Answer Stats
State % Correct
Alabama
94%
Oklahoma
94%
North Dakota
91%
South Dakota
91%
Wyoming
91%
Arizona
89%
Kentucky
89%
Tennessee
89%
Utah
89%
Arkansas
86%
Idaho
86%
Mississippi
86%
South Carolina
86%
West Virginia
86%
Alaska
83%
Kansas
83%
Louisiana
83%
Nebraska
83%
Missouri
77%
No matching quizzes found
Score Distribution
Percent of People with Each Score
Percentile by Number Answered
Your Score History
You have not taken this quiz